El Colegio Nacional : 60 años : 1943-2003 /

Recuento histórico de El Colegio Nacional que da cuenta de la legislación vigente que norma su vida, así como las reglas internas para elegir nuevos miembros, de funcionamiento de la biblioteca y para realizar publicaciones. También incluye los documentos y discursos de la fundación de la institució...

Повний опис

Збережено в:
Бібліографічні деталі
Співавтор: El Colegio Nacional
Інші автори: Campos de la Rosa, Rosa (coordinación editorial) (coordinación editorial), León-Portilla, Miguel (introducción) (introducción), Quevedo, Audelia (producción ejecutiva y guión) (producción ejecutiva y guión)
Формат: Книга
Мова:Іспанська
Опубліковано: México : El Colegio Nacional, 2006, c2006
Предмети:
Теги: Додати тег
Немає тегів, Будьте першим, хто поставить тег для цього запису!

MARC

LEADER 00000nam^a2200000^a^4500
001 000431873
005 20250526000000.0
009 20260310123000.575
020 |a 970-640-278-0 
037 |a Acervo ITESO - Biblioteca 
041 |a ESP 
082 |a 868.  |b NAC HIS 
110 |a El Colegio Nacional 
245 1 0 |a El Colegio Nacional :  |b 60 años : 1943-2003 /  |c El Colegio Nacional ; coord. editorial de R. Campos de la Rosa ; introd. de M. León-Portilla. 
264 4 |a México :  |b El Colegio Nacional,  |c 2006, c2006 
300 |a X, 491 p. ;  |c 34.0 cm. +  |e 1 DVD sin dato de región (107 min.) 
336 |a texto  |b txt  |2 rdacontenido 
337 |a sin mediación  |b n  |2 rdamedio 
338 |a volumen  |b nc  |2 rdasoporte 
520 |a Recuento histórico de El Colegio Nacional que da cuenta de la legislación vigente que norma su vida, así como las reglas internas para elegir nuevos miembros, de funcionamiento de la biblioteca y para realizar publicaciones. También incluye los documentos y discursos de la fundación de la institución, la celebración de diversos aniversarios y de la presencia de El Colegio en diversas entidades. Se hace un recuento de sus miembros, secretarios y administradores, así como de las diversas instalaciones que ha ocupado. 
649 |a XX 
650 |a Intelectuales Mexicanos 
650 |a Científicos Mexicanos 
650 |a Investigadores Mexicanos 
650 |a Organismos Nacionales de Ciencia y Tecnología -  |z México -  |x Historia 
650 |a Ciencia -  |z México -  |x Investigación 
650 |a Ciencia -  |z México -  |x Historia -  |y Siglo XX 
650 |a Ciencias Sociales -  |z México -  |x Historia -  |y Siglo XX 
650 |a Literatura Mexicana -  |y Siglo XX 
650 |a Literatura Mexicana -  |x Historia y Crítica 
650 |a Arte Mexicano -  |y Siglo XX 
650 |a Arte Mexicano -  |x Historia y Crítica 
650 |a El Colegio Nacional -  |x Historia -  |x Tema Principal  |z México - 
740 0 |a El Colegio Nacional :  |b 60 años : 1943-2003 /  |c Prod. ejecutiva y guión de A. de Quevedo. 
700 |a Campos de la Rosa, Rosa  |e (coordinación editorial) 
700 |a León-Portilla, Miguel  |e (introducción) 
700 |a Quevedo, Audelia  |e (producción ejecutiva y guión) 
910 |a Fondo General 
920 |a Impresos - Libros 
930 |a Libros Antiguos y Raros 
940 |a Literatura 
905 |a 108 
901 |a 0500349595  |b IT2  |c LRA  |i C167883  |u 20250526 
901 |a 0500349629  |b IT2  |c LRA  |i C167883  |u 20250526 
902 |a https://opac.biblio.iteso.mx/vufind/Record/000431873